[Event "21st ch-EUR Indiv w 2021"]
[Site "Iasi ROU"]
[Date "2021.08.16"]
[Round "7.12"]
[White "Hoang, Thanh Trang"]
[Black "Antova, Gabriela"]
[Result "1-0"]
[WhiteTitle "GM"]
[BlackTitle "FM"]
[WhiteElo "2404"]
[BlackElo "2292"]
[WhiteFideId "12400149"]
[BlackFideId "2915235"]
[EventDate "2021.08.09"]

1. d4 d5 2. Nf3 Nf6 3. c4 e6 4. g3 dxc4 5. Bg2 a6 6. O-O Nc6 7. e3 Rb8 8. Nfd2
e5 9. Bxc6+ bxc6 10. dxe5 Ng4 11. Nxc4 Be6 12. Nbd2 Bb4 13. Qc2 h5 14. b3 h4 15.
Nf3 f5 16. Rd1 Qe7 17. a3 Bc5 18. Na5 hxg3 19. fxg3 Nxe3 20. Bxe3 Bxe3+ 21. Kg2
Qf7 22. Nxc6 O-O 23. Nxb8 Rxb8 24. Qd3 Rxb3 25. Qd8+ Kh7 26. Rd3 Rb2+ 27. Kh1
Bh6 28. Rad1 Qg6 29. Qxc7 f4 30. Qc3 Rb3 31. Qd4 Rxd3 32. Qxd3 Bf5 33. Qe2 fxg3
34. Rd6 Qg4 35. Rd4 Qh5 36. h4 Qg6 37. Kg2 a5 38. Rd6 Qe8 39. Kxg3 Bc1 40. Ng5+
Bxg5 41. hxg5 a4 42. Qb2 Qe7 43. Kf4 Bg6 44. Kg4 Qe8 45. Qh2+ Kg8 46. Qd2 Qxe5
47. Qd5+ Qxd5 48. Rxd5 Be4 49. Rc5 Bd3 50. Ra5 Bc2 51. Kf4 Kf7 52. Ra6 Bb3 53.
Ke5 Bc2 54. Kd4 Bf5 55. Rxa4 Kg6 56. Ra5 Kxg5 57. a4 g6 58. Rxf5+ gxf5 59. a5 1-0

[Event "21st ch-EUR Indiv w 2021"]
[Site "Iasi ROU"]
[Date "2021.08.16"]
[Round "7.13"]
[White "Gevorgyan, Maria"]
[Black "Milliet, Sophie"]
[Result "0-1"]
[WhiteTitle "WGM"]
[BlackTitle "IM"]
[WhiteElo "2232"]
[BlackElo "2403"]
[WhiteFideId "13300270"]
[BlackFideId "623725"]
[EventDate "2021.08.09"]

1. d4 Nf6 2. c4 e6 3. Nc3 Bb4 4. e3 O-O 5. Ne2 c6 6. a3 Ba5 7. b4 Bc7 8. e4 d5
9. e5 Nfd7 10. Nf4 a5 11. Rb1 axb4 12. axb4 c5 13. bxc5 Ba5 14. Bd2 Nc6 15. Nb5
Qg5 16. g3 Nxd4 17. Nxd4 Qxe5+ 18. Nfe2 Bxd2+ 19. Kxd2 dxc4 20. Bg2 Nxc5 21. Qc2
Rd8 22. Qxc4 Ra4 23. Rb4 Rxb4 24. Qxb4 Qd6 25. Kc3 e5 26. Rd1 b6 27. Bc6 Ba6 28.
Bb5 Bxb5 29. Qxb5 h6 30. Kc2 exd4 31. Rxd4 Qg6+ 32. Kd2 Ra8 33. Nf4 Ra2+ 34. Ke3
Qc2 35. Ne2 Ra3+ 36. Kf4 Ne6+ 37. Kg4 Nxd4 38. Qe8+ Kh7 39. Nxd4 Ra4 40. Qe5 Qd3
41. Qd5 0-1

[Event "21st ch-EUR Indiv w 2021"]
[Site "Iasi ROU"]
[Date "2021.08.16"]
[Round "7.14"]
[White "Kazarian, Anna-Maja"]
[Black "Socko, Monika"]
[Result "0-1"]
[WhiteTitle "FM"]
[BlackTitle "GM"]
[WhiteElo "2096"]
[BlackElo "2393"]
[WhiteFideId "1033689"]
[BlackFideId "1106619"]
[EventDate "2021.08.09"]

1. b3 d5 2. Bb2 c5 3. e3 Nf6 4. Nf3 e6 5. c4 Bd6 6. Nc3 dxc4 7. bxc4 O-O 8. d4
cxd4 9. exd4 Nc6 10. Be2 e5 11. dxe5 Nxe5 12. O-O Ng6 13. Nb5 Bc5 14. Qxd8 Rxd8
15. Rfd1 Bg4 16. Bd4 Bxd4 17. Rxd4 a6 18. Nd6 Nf4 19. Rxf4 Rxd6 20. h3 Re8 21.
Rd1 Bxf3 22. Rxd6 Bxe2 23. Rfd4 Kf8 24. Rb6 Rc8 25. Rxb7 Bxc4 26. Rb4 Bd5 27.
Rb6 Rc6 28. Rxc6 Bxc6 29. Rd6 Bb5 30. a4 Ke7 31. Rb6 Nd7 32. Rb7 Bxa4 33. f4 Kd6
34. Ra7 Bb5 35. Kf2 Kc6 36. Ke3 g6 37. g4 h6 38. Kd4 Kb6 39. Ra8 Bf1 40. h4 Bh3
41. Rh8 Bxg4 42. Rxh6 a5 43. Rh7 Be6 44. h5 gxh5 45. Rh6 h4 0-1

[Event "21st ch-EUR Indiv w 2021"]
[Site "Iasi ROU"]
[Date "2021.08.16"]
[Round "7.15"]
[White "Tsolakidou, Stavroula"]
[Black "Toncheva, Nadya"]
[Result "1-0"]
[WhiteTitle "IM"]
[BlackTitle "FM"]
[WhiteElo "2389"]
[BlackElo "2156"]
[WhiteFideId "4264312"]
[BlackFideId "2924056"]
[EventDate "2021.08.09"]

1. e4 c5 2. Nf3 e6 3. d4 cxd4 4. Nxd4 Nc6 5. Nc3 Qc7 6. Be3 a6 7. a3 Nf6 8. f4
d6 9. Qf3 Be7 10. O-O-O Nxd4 11. Bxd4 e5 12. fxe5 dxe5 13. Qg3 Ng4 14. Nd5 Qd6
15. Bc3 O-O 16. h3 Bg5+ 17. Kb1 Qh6 18. Qf3 Qh4 19. g3 Qh5 20. Be2 1-0

[Event "21st ch-EUR Indiv w 2021"]
[Site "Iasi ROU"]
[Date "2021.08.16"]
[Round "7.16"]
[White "Sargsyan, Anna M."]
[Black "Gaboyan, Susanna"]
[Result "1-0"]
[WhiteTitle "WGM"]
[BlackTitle "WIM"]
[WhiteElo "2388"]
[BlackElo "2215"]
[WhiteFideId "13308130"]
[BlackFideId "13303627"]
[EventDate "2021.08.09"]

1. d4 Nf6 2. c4 g6 3. g3 d5 4. cxd5 Nxd5 5. Bg2 Bg7 6. e4 Nb6 7. Ne2 O-O 8. O-O
c5 9. d5 Na6 10. Nbc3 e6 11. Nf4 exd5 12. Nfxd5 Nb4 13. Be3 N4xd5 14. exd5 c4
15. a4 Bf5 16. a5 Nd7 17. Qa4 Ne5 18. Bc5 Re8 19. d6 Qc8 20. Ba3 Bh3 21. Rae1
Bxg2 22. Kxg2 Qc6+ 23. Qxc6 bxc6 24. Re4 f5 25. Rd4 Red8 26. Rfd1 c5 27. Rd5 Nd3
28. Na4 Rab8 29. Rd2 Kf7 30. Nxc5 Nxb2 31. Re2 Bf6 32. d7 c3 33. Ne6 Nc4 34.
Nxd8+ Bxd8 35. Bc1 Nxa5 36. Rc5 Rb7 37. Re8 Rxd7 38. Rxd8 Rxd8 39. Rxa5 Rd1 40.
Rxa7+ Ke6 41. Bh6 Rb1 42. Rxh7 Kd5 43. Rc7 Rb3 44. Bg7 1-0

[Event "21st ch-EUR Indiv w 2021"]
[Site "Iasi ROU"]
[Date "2021.08.16"]
[Round "7.17"]
[White "Eric, Jovana"]
[Black "Girya, Olga"]
[Result "0-1"]
[WhiteTitle "WGM"]
[BlackTitle "WGM"]
[WhiteElo "2254"]
[BlackElo "2425"]
[WhiteFideId "938238"]
[BlackFideId "4195752"]
[EventDate "2021.08.09"]

1. e4 c5 2. Nf3 e6 3. g3 Nc6 4. Bg2 Nf6 5. Qe2 e5 6. c3 Be7 7. O-O O-O 8. d3 h6
9. Na3 Re8 10. Nc4 Bf8 11. a4 d6 12. h3 Be6 13. Ne3 d5 14. Nh4 d4 15. Nc4 Qd7
16. Qf3 Bxh3 17. Bxh3 Qxh3 18. Nf5 Ng4 19. Qg2 Qxg2+ 20. Kxg2 Rad8 21. f3 Nf6
22. Rd1 Rd7 23. Kf2 h5 24. Nh4 g6 25. Ke2 Kh7 26. a5 Be7 27. Ng2 Red8 28. Ne1
Ne8 29. Ng2 Nd6 30. Nxd6 Bxd6 31. c4 Kg7 32. Rh1 Rh8 33. Bd2 a6 34. Nh4 Be7 35.
Rh2 Bd8 36. Ra4 Bc7 37. Rh3 Bd8 38. Rh2 Bc7 39. Rh3 Re7 40. Ra1 Ree8 41. Rhh1
Rb8 42. Rhb1 Bd6 43. Ra2 Be7 44. Rh1 b6 45. axb6 Rxb6 46. Rb1 Rhb8 47. Kd1 a5
48. Kc2 Bd8 49. b3 Bxh4 50. gxh4 Nb4+ 51. Bxb4 axb4 52. Kd2 Rf6 53. Ke2 Rf4 54.
Rh1 Rb6 55. Ra5 Rc6 56. Rh3 Rff6 57. Rh1 Ra6 58. Rha1 Rxa5 59. Rxa5 Rc6 60. Kf2
Kf6 61. Ra7 Ke6 62. Kg3 f5 63. Rg7 Kf6 64. Ra7 g5 65. hxg5+ Kxg5 66. Re7 h4+ 67.
Kg2 Kf4 68. exf5 Ra6 69. Rf7 Ra2+ 70. Kh3 Rf2 71. f6 Rxf3+ 72. Kxh4 Kf5 73. Rf8
Rxd3 74. f7 Kf6 75. Re8 Kxf7 76. Rxe5 Rxb3 77. Rxc5 Rb1 78. Kg3 b3 79. Rb5 d3 0-1

[Event "21st ch-EUR Indiv w 2021"]
[Site "Iasi ROU"]
[Date "2021.08.16"]
[Round "7.18"]
[White "Krasteva, Beloslava"]
[Black "Mkrtchian, Lilit"]
[Result "0-1"]
[WhiteTitle "FM"]
[BlackTitle "IM"]
[WhiteElo "2243"]
[BlackElo "2388"]
[WhiteFideId "2922029"]
[BlackFideId "13300601"]
[EventDate "2021.08.09"]

1. d4 e6 2. c4 f5 3. g3 Nf6 4. Bg2 d5 5. Nf3 c6 6. O-O Bd6 7. Bf4 Bxf4 8. gxf4
O-O 9. e3 Bd7 10. Qb3 Qb6 11. Qxb6 axb6 12. Nbd2 Na6 13. Ne5 Nc7 14. Rfc1 Ra4
15. a3 Rfa8 16. Bf1 Kf8 17. Bd3 Ke7 18. cxd5 Ncxd5 19. Kf1 Be8 20. Ke2 Bh5+ 21.
f3 Be8 22. Rg1 g6 23. Rac1 Rc8 24. h4 Raa8 25. Kf2 c5 26. dxc5 bxc5 27. Nb1 b5
28. Rc2 c4 29. Be2 Rd8 30. Rgc1 Ra7 31. Re1 Nb6 32. Rec1 Na4 33. Nc3 Nc5 34. Rd1
Rxd1 35. Bxd1 Nd5 36. Nxd5+ exd5 37. Rd2 Ke6 38. Bc2 Rb7 39. e4 fxe4 40. fxe4
dxe4 41. Ke3 Nd3 42. Kxe4 Nxe5 43. fxe5 Bc6+ 44. Ke3 Kxe5 45. Rf2 Bd5 46. h5 Bf7
47. Be4 Rc7 48. Rg2 Kf6 49. Kd4 gxh5 50. Rf2+ Kg7 51. Rg2+ Bg6 52. Bf3 Kf6 53.
Kc3 Be8 54. b3 Kf5 55. Be2 cxb3+ 56. Kxb3 h4 57. Kb4 Re7 58. Rh2 Re4+ 59. Kc5
Kg5 60. Rg2+ Kf4 61. Bf1 Re1 62. Rf2+ Kg3 63. Rf8 h3 64. Rg8+ Bg6 65. Bd3 h2 66.
Bxg6 hxg6 67. Rxg6+ Kf4 68. Rh6 h1=Q 69. Rxh1 Rxh1 70. Kxb5 Ke5 71. a4 Kd6 0-1

[Event "21st ch-EUR Indiv w 2021"]
[Site "Iasi ROU"]
[Date "2021.08.16"]
[Round "7.19"]
[White "Brunello, Marina"]
[Black "Sieber, Fiona"]
[Result "1/2-1/2"]
[WhiteTitle "IM"]
[BlackTitle "WIM"]
[WhiteElo "2379"]
[BlackElo "2254"]
[WhiteFideId "822590"]
[BlackFideId "12902373"]
[EventDate "2021.08.09"]

1. e4 e5 2. Nf3 Nc6 3. Bc4 Nf6 4. d3 h6 5. O-O d6 6. c3 g5 7. Be3 Bg7 8. Nbd2
O-O 9. Bb3 d5 10. exd5 Nxd5 11. d4 exd4 12. Nxd4 Nxd4 13. Bxd4 Bxd4 14. cxd4 Nf4
15. Nf3 Bg4 16. g3 Ne6 17. Qd3 Bxf3 18. Qxf3 Nxd4 19. Qxb7 c6 20. Rad1 Nf3+ 21.
Kg2 Qf6 22. Qb4 Rad8 23. Bc2 Nd4 24. Qc3 g4 25. Be4 Rfe8 26. Rfe1 c5 27. Kf1
Qa6+ 28. Qd3 Qxa2 29. Ra1 Qxb2 30. Reb1 Qe2+ 31. Qxe2 Nxe2 32. Bf5 h5 33. h3
gxh3 34. Bxh3 c4 35. Rxa7 c3 36. Rc7 Rd2 37. Kg2 c2 38. Rh1 c1=Q 39. Rhxc1 Nxc1
40. Rxc1 Ree2 41. Rf1 Kg7 42. Bc8 Rc2 43. Bb7 Red2 44. Kf3 f5 45. Kg2 Kf6 46.
Ba8 Kg5 47. Bf3 Rb2 48. Kg1 f4 49. gxf4+ Kxf4 50. Bc6 Kg4 51. Kg2 Rd6 52. Rc1
Rf6 53. Rc4+ Kg5 54. Rc5+ Rf5 55. Rxf5+ Kxf5 56. Kg3 Rb4 57. Be8 Rg4+ 58. Kh3
Kg5 59. Bd7 Rd4 60. Bc8 Rd3+ 61. Kh2 Kf4 62. Kg2 Rb3 63. Bd7 Rb6 64. Be8 Kg4 65.
Bd7+ Kg5 66. Kg3 Rd6 67. Bc8 Rd3+ 68. Kg2 Kf4 69. Bb7 Rc3 70. Bd5 Rc5 71. Bb7
Kg4 72. Bf3+ Kh4 73. Bb7 Rf5 74. Bc6 Rf7 75. Bd5 Rg7+ 76. Kh2 Rg6 77. Bb7 Rg8
78. Bc6 Rg7 79. Bd5 Kg4 80. Kg2 Re7 81. Bf3+ Kh4 82. Bd5 Re5 83. Bb7 Rg5+ 84.
Kh2 Kg4 85. Kg2 Rg8 86. Bc6 Rg7 87. Bd5 h4 88. Kh2 Re7 89. f3+ Kf4 90. Kh3 Rg7
91. Be4 Rg8 92. Bd5 Rd8 93. Bc6 Rd1 94. Be4 Ra1 95. Bc6 Rh1+ 96. Kg2 Rc1 97. Be4
Ra1 98. Kh2 Ra6 99. Kh3 Ra2 100. Bd5 Ra1 101. Bc6 Rg1 102. Bd5 Kg5 103. Bc6 Rg3+
104. Kh2 Kf4 105. Bd5 Ke3 106. Bc6 Kf2 107. Bb7 Rg1 108. Be4 Re1 109. Bb7 Rb1
110. Be4 Rg1 111. Bb7 Rg3 112. Bc6 h3 113. Be4 Rxf3 114. Bxf3 1/2-1/2

[Event "21st ch-EUR Indiv w 2021"]
[Site "Iasi ROU"]
[Date "2021.08.16"]
[Round "7.20"]
[White "Kulon, Klaudia"]
[Black "Fataliyeva, Ulviyya"]
[Result "1/2-1/2"]
[WhiteTitle "IM"]
[BlackTitle "WGM"]
[WhiteElo "2363"]
[BlackElo "2253"]
[WhiteFideId "1131044"]
[BlackFideId "13403052"]
[EventDate "2021.08.09"]

1. e4 e6 2. d3 d5 3. Nd2 c5 4. Ngf3 Nc6 5. g3 Nf6 6. Bg2 Be7 7. O-O O-O 8. Re1
b5 9. e5 Ne8 10. Nf1 f5 11. exf6 Bxf6 12. Ne3 Nd6 13. Ng4 Be7 14. Nge5 Nxe5 15.
Nxe5 Bf6 16. Ng4 Be7 17. Bf4 Rb8 18. c3 Rb6 19. a4 bxa4 20. Qe2 Bd7 21. Ne5 Be8
22. Ng6 Bxg6 23. Qxe6+ Rf7 24. Bxd5 Kf8 25. Qe2 Rf5 26. Be6 Rf6 27. Rxa4 Bf7 28.
Bh3 Bd5 29. Qh5 Nf7 30. Rxa7 Rb7 31. Rxb7 Bxb7 32. Qxh7 c4 33. dxc4 Rxf4 34.
gxf4 Qd2 35. Rf1 Nh6 36. Be6 Bf6 37. Qh8+ Ke7 38. Bd5 Bxd5 39. cxd5 Ng4 40. h3
Qxf4 41. Re1+ Ne5 42. Qg8 Qf5 43. Re3 Qb1+ 44. Kh2 Qc2 45. Qe6+ Kf8 46. Kg2 Qg6+
47. Kf1 Qb1+ 48. Re1 Qd3+ 49. Kg2 Qf3+ 50. Kg1 Bh4 51. Qb6 Qf5 52. Rxe5 Qxe5 53.
Qb4+ Be7 54. Qc4 Bd6 55. Kf1 Qf5 56. h4 Qb1+ 57. Kg2 Qg6+ 58. Kf3 Qf5+ 59. Ke3
Qe5+ 60. Kd2 Qf5 61. Ke2 Qc2+ 62. Ke3 Qc1+ 63. Kf3 Ke7 64. Qd4 Kf8 65. b4 Qe1
66. Qc4 Qe5 67. b5 Qf5+ 68. Ke3 Qe5+ 69. Kd2 Qf5 70. Kc1 Ba3+ 71. Kd1 Qxf2 72.
Qc8+ Ke7 73. Qb7+ Kd6 74. Qa6+ Kxd5 75. Qxa3 Qf1+ 76. Kc2 Qe2+ 77. Kb3 Qc4+ 78.
Kb2 Qe2+ 79. Ka1 Qd1+ 80. Ka2 Qc2+ 81. Qb2 Qa4+ 82. Qa3 Qc2+ 83. Ka1 Qd1+ 84.
Kb2 Qe2+ 85. Kc1 Qe1+ 86. Kc2 Qe2+ 87. Kb1 Qd1+ 88. Kb2 Qe2+ 89. Kb3 Qc4+ 90.
Kc2 Qe2+ 91. Kb1 Qd1+ 1/2-1/2

[Event "21st ch-EUR Indiv w 2021"]
[Site "Iasi ROU"]
[Date "2021.08.16"]
[Round "7.21"]
[White "Peycheva, Gergana"]
[Black "Urh, Zala"]
[Result "1-0"]
[WhiteTitle "FM"]
[BlackTitle "WIM"]
[WhiteElo "2332"]
[BlackElo "2216"]
[WhiteFideId "2916711"]
[BlackFideId "14611481"]
[EventDate "2021.08.09"]

1. Nf3 Nf6 2. c4 e6 3. g3 d5 4. Bg2 Be7 5. d4 O-O 6. Nc3 dxc4 7. Ne5 Nc6 8. Bxc6
bxc6 9. Nxc6 Qe8 10. Nxe7+ Qxe7 11. Qa4 e5 12. d5 Rb8 13. O-O Rd8 14. Rd1 Rb4
15. Qxa7 Bb7 16. Bg5 Rxb2 17. Bxf6 gxf6 18. Qe3 f5 19. Qc1 Rb6 20. a4 f4 21. a5
Rh6 22. Qb1 Ba8 23. Qe4 Qg5 24. a6 fxg3 25. fxg3 Qh5 26. Qg2 c6 27. dxc6 Rxd1+
28. Rxd1 Bxc6 29. Qf2 e4 30. Rd8+ Kg7 31. Qd4+ Rf6 32. Nd5 Bxd5 33. Rxd5 Qg4 34.
Rd6 Qf5 35. Qxf6+ 1-0

[Event "21st ch-EUR Indiv w 2021"]
[Site "Iasi ROU"]
[Date "2021.08.16"]
[Round "7.22"]
[White "Semenova, Elena1"]
[Black "Beydullayeva, Govhar"]
[Result "0-1"]
[WhiteTitle "WIM"]
[BlackTitle "WIM"]
[WhiteElo "2212"]
[BlackElo "2282"]
[WhiteFideId "24125148"]
[BlackFideId "13413015"]
[EventDate "2021.08.09"]

1. e4 c5 2. Ne2 d6 3. g3 g6 4. Bg2 Bg7 5. c3 e5 6. d4 exd4 7. cxd4 Nd7 8. Nbc3
Ne7 9. O-O O-O 10. Bf4 cxd4 11. Nxd4 Ne5 12. Ndb5 Bg4 13. Qxd6 Qxd6 14. Nxd6
Rfd8 15. Ndb5 Nd3 16. Nc7 Nxf4 17. Nxa8 Nxg2 18. Nc7 Bf3 19. N7d5 Nxd5 20. Rfd1
Bxd1 21. Rxd1 Bxc3 22. bxc3 Re8 23. Rxd5 Ne1 24. Rd7 Rxe4 25. Rxb7 Ra4 26. Rb2
Nd3 27. Rc2 Rc4 28. Kf1 Nb4 29. Rb2 Nd5 30. Rb7 Rc7 31. Rb5 Nxc3 32. Ra5 Ne4 33.
Ke2 Rd7 34. f3 Nf6 35. Ke3 Kf8 36. h4 h5 37. Kf4 Nd5+ 38. Ke5 Nb4 39. Ke4 Re7+
40. Kf4 Nd3+ 41. Kg5 Kg7 0-1

[Event "21st ch-EUR Indiv w 2021"]
[Site "Iasi ROU"]
[Date "2021.08.16"]
[Round "7.23"]
[White "Nilssen, Ellen Fredericia"]
[Black "Sedina, Elena"]
[Result "0-1"]
[WhiteTitle "WFM"]
[BlackTitle "IM"]
[WhiteElo "2081"]
[BlackElo "2279"]
[WhiteFideId "1441230"]
[BlackFideId "812153"]
[EventDate "2021.08.09"]

1. d4 d5 2. c4 c6 3. Nf3 dxc4 4. g3 g6 5. Bg2 Bg7 6. O-O Nf6 7. a4 Be6 8. Qc2 h6
9. Na3 Na6 10. Bd2 Bd5 11. Rfe1 Ne4 12. Nxc4 Nxd2 13. Ncxd2 O-O 14. a5 Rc8 15.
Bh3 Rc7 16. e4 Be6 17. Bxe6 fxe6 18. Qc4 Qd6 19. Re3 c5 20. e5 Qd5 21. Qd3 cxd4
22. Qxd4 Rc2 23. Qxd5 exd5 24. Rb1 h5 25. Rd3 Nb4 26. Rd4 Nc6 27. Rxd5 e6 28.
Rd6 Nxe5 29. Ne1 Rc6 30. Ne4 Rfc8 31. Rbd1 Rxd6 32. Nxd6 Rd8 33. Rd2 Bf8 34. Ne4
Rxd2 35. Nxd2 Bb4 36. Nef3 Nxf3+ 37. Nxf3 Bxa5 38. Nd4 Kf7 39. Nb5 a6 40. Nd6+
Ke7 41. Ne4 Bb6 42. Kf1 Bd4 43. b3 a5 44. Ke2 b5 45. Kd3 e5 46. h3 Ke6 47. f4 a4
48. bxa4 bxa4 49. fxe5 Kxe5 50. Nd2 Kd5 51. Nc4 Bc5 52. g4 hxg4 53. hxg4 a3 54.
Nd2 a2 55. Nb3 Bd4 0-1

[Event "21st ch-EUR Indiv w 2021"]
[Site "Iasi ROU"]
[Date "2021.08.16"]
[Round "7.24"]
[White "Schulze, Lara"]
[Black "Grigorieva, Yulia"]
[Result "1-0"]
[WhiteTitle "FM"]
[BlackTitle "WFM"]
[WhiteElo "2269"]
[BlackElo "2140"]
[WhiteFideId "12956830"]
[BlackFideId "34104868"]
[EventDate "2021.08.09"]

1. e4 e5 2. Nf3 Nc6 3. Nc3 Nf6 4. d4 Bb4 5. Nxe5 O-O 6. Qd3 d5 7. Nxc6 bxc6 8.
e5 Ne4 9. Be2 Bf5 10. Qf3 c5 11. O-O cxd4 12. Nxd5 Qxd5 13. Qxf5 Rae8 14. Bf4 g6
15. Qh3 f5 16. b3 Kh8 17. Bc4 Qc5 18. Qh6 Qe7 19. f3 g5 20. fxe4 gxf4 21. Qxf4
fxe4 22. Qxe4 Qxe5 23. Rxf8+ Bxf8 24. Qxe5+ Rxe5 25. Rf1 Bd6 26. g3 Re7 27. Rf5
Re5 28. Rxe5 Bxe5 29. Kg2 a5 30. Kf3 Bd6 31. Ke4 Bc5 32. Kd5 Bb6 33. Kc6 Kg7 34.
a4 Kf6 35. b4 axb4 36. Kb5 d3 37. Bxd3 Bg1 38. h3 Bf2 39. g4 h6 40. a5 Ke5 41.
Kc6 Kd4 42. Bf5 Kc4 43. a6 Bb6 44. Kb7 Kd5 45. a7 Bxa7 46. Kxa7 Ke5 47. Ka6 c5
48. Kb5 Kd4 49. h4 1-0

[Event "21st ch-EUR Indiv w 2021"]
[Site "Iasi ROU"]
[Date "2021.08.16"]
[Round "7.25"]
[White "Rozman, Monika"]
[Black "Havanecz, Bianka"]
[Result "1-0"]
[WhiteTitle "WFM"]
[BlackTitle "WIM"]
[WhiteElo "2122"]
[BlackElo "2257"]
[WhiteFideId "14609118"]
[BlackFideId "704814"]
[EventDate "2021.08.09"]

1. e4 e5 2. Nf3 Nc6 3. Bc4 Bc5 4. c3 Nf6 5. d3 d6 6. O-O O-O 7. Re1 a5 8. h3 h6
9. Nbd2 Be6 10. Bb5 Qb8 11. Nf1 Qa7 12. Be3 Bb6 13. Ng3 Ne7 14. d4 c6 15. Bd3
Ng6 16. Qd2 Rfd8 17. Qc1 Kh7 18. Nf5 Ng8 19. h4 f6 20. g4 N6e7 21. Kg2 Rd7 22.
Rh1 Rf8 23. Rh3 Kh8 24. Rg3 Nxf5 25. gxf5 Bf7 26. Qd2 d5 27. Rg1 Bh5 28. exd5
cxd5 29. Bb5 Re7 30. Ba4 e4 31. Ne1 Bc7 32. Bf4 Qb8 33. Bxc7 Rxc7 34. Kf1 Rd8
35. Ng2 b5 36. Nf4 bxa4 37. Nxh5 Rdd7 38. Nf4 Rb7 39. Qc1 Rf7 40. Nxd5 Rxb2 41.
Kg2 Ne7 42. Nxe7 Rxe7 43. a3 Rb5 44. c4 Rxf5 45. Qe3 Rh5 46. d5 Qe5 47. Qc3 Rc7
48. Rd1 Qd6 49. Qxa5 f5 50. Qxa4 Rxh4 51. Qe8+ Kh7 52. Qe6 Qf4 53. Qg6+ Kg8 54.
d6 e3 55. Qe8+ Kh7 56. Qxe3 Rd7 57. Qxf4 Rxf4 58. Rc3 Rg4+ 59. Kf1 Rh4 60. c5
Kg6 61. c6 Rh1+ 62. Ke2 Rxd1 63. cxd7 Rxd6 64. Rd3 1-0

[Event "21st ch-EUR Indiv w 2021"]
[Site "Iasi ROU"]
[Date "2021.08.16"]
[Round "7.26"]
[White "Salimova, Nurgyul"]
[Black "Dornbusch, Tatiana"]
[Result "1-0"]
[WhiteTitle "IM"]
[BlackTitle "WGM"]
[WhiteElo "2382"]
[BlackElo "2249"]
[WhiteFideId "2915138"]
[BlackFideId "14107449"]
[EventDate "2021.08.09"]

1. d4 Nf6 2. Nf3 g6 3. Nbd2 Bg7 4. e4 d6 5. Bd3 O-O 6. O-O c5 7. c3 cxd4 8. cxd4
Nc6 9. Re1 Nd7 10. Nb3 a5 11. a4 Nb6 12. Bd2 Bg4 13. Bc3 Nd7 14. h3 Bxf3 15.
Qxf3 Qb6 16. Bb5 Rfd8 17. Rad1 Nb4 18. Qe2 Na2 19. Bd2 Nb8 20. Bg5 Kf8 21. Qg4
h6 22. Be3 Nd7 23. e5 h5 24. Qf3 d5 25. Qxd5 Nf6 26. Qc4 Nd5 27. Nc5 Nxe3 28.
Rxe3 Rac8 29. Nd7+ Rxd7 30. Qxc8+ Rd8 31. Qc4 1-0

[Event "21st ch-EUR Indiv w 2021"]
[Site "Iasi ROU"]
[Date "2021.08.16"]
[Round "7.27"]
[White "Zherebtsova, Alexandra"]
[Black "Belenkaya, Dina"]
[Result "1-0"]
[WhiteTitle "WFM"]
[BlackTitle "WGM"]
[WhiteElo "2188"]
[BlackElo "2350"]
[WhiteFideId "24129518"]
[BlackFideId "24142654"]
[EventDate "2021.08.09"]

1. c4 e5 2. Nc3 Nf6 3. Nf3 Nc6 4. e4 Bb4 5. d3 d6 6. a3 Bc5 7. b4 Bb6 8. Na4 Bg4
9. Nxb6 axb6 10. Bb2 Nd7 11. Be2 Bxf3 12. Bxf3 Nf8 13. g3 Ne6 14. Bg4 Ned4 15.
b5 Ne7 16. Bxd4 exd4 17. f4 O-O 18. O-O Re8 19. Bh5 Kf8 20. Qb3 Ng8 21. Qb2 Qf6
22. Rae1 g6 23. Bf3 Ra7 24. e5 dxe5 25. Bd5 e4 26. dxe4 Ne7 27. e5 Qf5 28. Qxd4
Rxa3 29. e6 f6 30. Be4 Qc5 31. Qxc5 bxc5 32. Bxb7 Nf5 33. Bd5 Nd4 34. Ra1 Rc3
35. Ra6 f5 36. Re1 Rc2 37. Ra7 Re7 38. Ra8+ Kg7 39. Rd8 Rd2 40. Ra8 h5 41. b6
cxb6 42. Rea1 Nb5 43. Rd8 Nc7 44. Ra7 Rd1+ 45. Kf2 Kf6 46. Rd7 Nxd5 47. cxd5
Rxd7 48. Rxd7 g5 49. fxg5+ Kg6 50. e7 Kf7 51. d6 Rd2+ 52. Ke1 Rd4 53. g6+ 1-0

[Event "21st ch-EUR Indiv w 2021"]
[Site "Iasi ROU"]
[Date "2021.08.16"]
[Round "7.28"]
[White "Zimina, Olga"]
[Black "Navrotescu, Andreea"]
[Result "1-0"]
[WhiteTitle "IM"]
[BlackTitle "WIM"]
[WhiteElo "2345"]
[BlackElo "2249"]
[WhiteFideId "4132190"]
[BlackFideId "675946"]
[EventDate "2021.08.09"]

1. d4 Nf6 2. g3 e6 3. c4 d5 4. Bg2 dxc4 5. Qa4+ Nc6 6. Bxc6+ bxc6 7. Qxc6+ Bd7
8. Qxc4 Qc8 9. Nf3 c5 10. Nc3 cxd4 11. Qxc8+ Rxc8 12. Nxd4 a5 13. Nf3 Bc6 14.
O-O Bb4 15. Nd4 Bd7 16. Ndb5 O-O 17. a3 Bc5 18. a4 e5 19. Bg5 Be6 20. Bxf6 gxf6
21. Ne4 Be7 22. Rac1 Rc4 23. Rxc4 Bxc4 24. Rc1 Bxe2 25. Rc7 Bd8 26. Rd7 Bf3 27.
Nbc3 Kg7 28. h3 Bb6 29. Rd6 Bd4 30. Rxf6 Bh5 31. Ra6 Rb8 32. Nd6 Bg6 33. Ndb5
Bb6 34. Nd5 Bd8 35. h4 Rc8 36. Nbc3 Bd3 37. Rd6 Bc2 38. Ne3 Bg6 39. Ned5 Rb8 40.
Kg2 f5 41. Nb5 Kf7 42. Ra6 f4 43. Kf3 fxg3 44. fxg3 Bd3 45. Rd6 Bc2 46. Nbc3 Bf5
47. Ke3 Ke8 48. Nb5 Bc2 49. Re6+ Kd7 50. Rd6+ Ke8 51. Re6+ Kd7 52. Rxe5 Bxa4 53.
Nbc3 Bc2 54. Kd2 Bg6 55. Kc1 Kd6 56. Re1 Bf7 57. Rd1 Kc6 58. Rd4 Kc5 59. Rf4 Be6
60. Kc2 Bb6 61. Nxb6 Kxb6 62. Rf6 Re8 63. Rh6 Kc5 64. Rh5+ Kd4 65. Rxa5 Bc4 66.
b3 Bd3+ 67. Kd2 1-0

[Event "21st ch-EUR Indiv w 2021"]
[Site "Iasi ROU"]
[Date "2021.08.16"]
[Round "7.29"]
[White "Cosma, Elena-Luminita"]
[Black "Ciolacu, Alessia-Mihaela"]
[Result "1/2-1/2"]
[WhiteTitle "WGM"]
[BlackTitle "WFM"]
[WhiteElo "2311"]
[BlackElo "2241"]
[WhiteFideId "1201590"]
[BlackFideId "1252640"]
[EventDate "2021.08.09"]

1. d4 Nf6 2. c4 g6 3. Nc3 d5 4. cxd5 Nxd5 5. e4 Nxc3 6. bxc3 Bg7 7. Nf3 c5 8.
Rb1 O-O 9. Be2 cxd4 10. cxd4 Qa5+ 11. Bd2 Qxa2 12. O-O Bg4 13. Rxb7 Bxf3 14.
Bxf3 Bxd4 15. e5 Na6 16. Rxe7 Rad8 17. e6 fxe6 18. Qe1 Nc5 19. Bc3 Nd3 20. Bxd4
Nxe1 21. Rg7+ Kh8 22. Rd7+ Kg8 23. Rg7+ Kh8 24. Rd7+ Kg8 25. Rg7+ Kh8 1/2-1/2

[Event "21st ch-EUR Indiv w 2021"]
[Site "Iasi ROU"]
[Date "2021.08.16"]
[Round "7.30"]
[White "Calzetta Ruiz, Monica"]
[Black "Gajcin, Marina"]
[Result "0-1"]
[WhiteTitle "WGM"]
[BlackTitle "WIM"]
[WhiteElo "2306"]
[BlackElo "2219"]
[WhiteFideId "2204185"]
[BlackFideId "949086"]
[EventDate "2021.08.09"]

1. e4 c5 2. d4 cxd4 3. c3 d3 4. Bxd3 d6 5. c4 Nf6 6. Nc3 g6 7. h3 Bg7 8. Nf3 Nc6
9. O-O O-O 10. Bg5 Nd7 11. Qd2 Nc5 12. Rfe1 Nxd3 13. Qxd3 Be6 14. Rac1 Qd7 15.
b3 Rae8 16. Rcd1 Qc8 17. Qd2 Bxh3 18. gxh3 Qxh3 19. Re3 Qg4+ 20. Kf1 f5 21. Qd5+
e6 22. Qxd6 Bxc3 23. Rxc3 fxe4 24. Qc7 exf3 25. Rd7 Qg2+ 26. Ke1 Qg1+ 27. Kd2
Qxg5+ 28. Kc2 Re7 29. Rcd3 Rxd7 30. Rxd7 Qf5+ 31. Kd1 Qb1+ 0-1